| 000 | 00550nam a2200217Ia 4500 | ||
|---|---|---|---|
| 005 | 20230426025849.0 | ||
| 008 | 230125s9999 xx 000 0 und d | ||
| 020 | _a978-81-265-4862-0 | ||
| 041 | _aeng | ||
| 082 |
_a658.018 _bWIN |
||
| 100 |
_aWinston W L _9115451 |
||
| 245 | _aMarketing Analytics | ||
| 260 |
_c2014 _bWiley India (p) Ltd _aNew Delhi |
||
| 300 | _a690p | ||
| 500 | _aResearch methodology | ||
| 650 | _aResearch methodology | ||
| 700 |
_aWinston W L _9115451 |
||
| 906 | _b200 | ||
| 942 | _cBK | ||
| 999 |
_c93269 _d93269 |
||